Reliez les duos d'acteurs à leurs films #3 - Statistiques

Statistiques générales
  • Ce quiz a été pris 137 fois
  • Le résultat moyen est 10 sur 19
Statistiques - réponses
Hint Réponse % Correct
La La Land Emma Stone et Ryan Gosling
97%
Charlie et la chocolaterie Helena Bonham Carter et Johnny Depp
91%
Titanic Kate Winslet et Leonardo DiCaprio
89%
Alice au pays des merveilles Helena Bonham Carter et Johnny Depp
72%
Crazy, Stupid, Love Emma Stone et Ryan Gosling
63%
Dark Shadows Helena Bonham Carter et Johnny Depp
61%
Voyage au bout de l'enfer Robert De Niro et Meryl Streep
59%
Nuits blanches à Seattle Meg Ryan et Tom Hanks
58%
Les Noces funèbres Helena Bonham Carter et Johnny Depp
54%
Vous avez un message Meg Ryan et Tom Hanks
52%
Sweeney Todd Helena Bonham Carter et Johnny Depp
50%
I Knew It Was You Robert De Niro et Meryl Streep
47%
Les Noces rebelles Kate Winslet et Leonardo DiCaprio
34%
The Lone Ranger Helena Bonham Carter et Johnny Depp
32%
Simples Secrets Robert De Niro et Meryl Streep
30%
Ithaca Meg Ryan et Tom Hanks
29%
Joe contre le volcan Meg Ryan et Tom Hanks
29%
Gangster Squad Emma Stone et Ryan Gosling
25%
Falling in Love Robert De Niro et Meryl Streep
22%
Aucun quiz correspondant
Distribution des résultats
% des personnes avec chaque résultat
Percentile par nombre de réponses
Votre historique - résultats
Vous n’avez pas pris ce quiz